|
|
|
|
| LEADER |
00000nab a2200000uu 4500 |
| 001 |
vtls011438763 |
| 003 |
SK-MaSNL |
| 005 |
20260303151431.0 |
| 008 |
230222|1988 xo |||||||||||||||||slo| |
| 015 |
|
|
|a SNBRB
|
| 035 |
|
|
|a (urnnbn)urn:nbn:sk:snk:ar-002t75
|
| 035 |
|
|
|a (uuid)8e67e283-267e-4b1c-9d6f-f925080f8f41
|
| 035 |
|
|
|a urn:nbn:sk:snk-abcdma
|
| 040 |
|
|
|a SNKBUCL
|b slo
|c SNKBUCL
|e AACR2
|
| 041 |
0 |
|
|a slo
|
| 044 |
|
|
|a xo
|c SK
|
| 100 |
1 |
|
|a Krajčovič, Rudolf,
|d 1927-2014
|4 aut
|9 184229
|
| 245 |
1 |
0 |
|a O KONTINUITE STAREJ SLOVENSKEJ A PRASLOVANSKEJ LEXIKY (II)
|c Rudolf Krajčovič
|
| 773 |
0 |
|
|t Slovenská reč : časopis pre výskum slovenského jazyka : orgán Jazykovedného ústavu Ľudovíta Štúra Slovenskej akadémie vied
|g Roč. 53, č. 6 (1988), s. 321-328
|
| 954 |
|
|
|a odborná, vedecká literatúra pôvodná (slovenská)
|2 lita
|
| 958 |
|
|
|a OND
|
| 958 |
|
|
|a EUIPO
|
| 958 |
|
|
|a article16
|
| 999 |
|
|
|c 2017663
|d 2019593
|